Guess The Dinosaur (Hard) - Statistics

General Stats
  • This quiz has been taken 166 times
  • The average score is 3 of 12
Answer Stats
Picture Answer % Correct
Majungasaurus
83%
Mapusaurus
47%
Sinoceratops
43%
Gigantspinosaurus
22%
Eoraptor
20%
Scipionyx
16%
Shantungosaurus
16%
Neovenator
12%
Appalachiosaurus
5%
Lurdusaurus
5%
Omeisaurus
5%
Oxalaia
5%
No matching quizzes found
Score Distribution
Percent of People with Each Score
Percentile by Number Answered
Your Score History
You have not taken this quiz